Bűn és bűnhödés
Elmentve itt :
| Szerző: | |
|---|---|
| Adatforrás: | Meister |
| Forrásdokumentuma: | Művelődés. - 4 sz., 1992, 19 p. |
| Nyelv: | magyar |
| Kulcsszavak: | etnografia jogtörténet székelyek népballadák Székelyföld ARANY János |
| LEADER | 00457nab a2200181 i 4500 | ||
|---|---|---|---|
| 001 | bibPRO00002956 | ||
| 008 | 060524s1992 xx hun | ||
| 040 | |a Sz1 | ||
| 041 | |a hun | ||
| 100 | 1 | |a CSERGŐ Bálint | |
| 245 | 1 | 0 | |a Bűn és bűnhödés |c CSERGŐ Bálint |
| 695 | |a etnografia | ||
| 695 | |a jogtörténet | ||
| 695 | |a székelyek | ||
| 695 | |a népballadák | ||
| 695 | |a Székelyföld | ||
| 695 | |a ARANY János | ||
| 773 | 0 | |t Művelődés. - |g 4 sz., 1992, 19 p. | |